000 01428cam a22004334a 4500
999 _c35444
_d35444
001 YPZ88379
003 AR-RgUNPA
005 20260302101124.0
008 080424s2009 ag a grb||| 001 0 spa|d
020 _a9789875382404
040 _cSIUNPA
_bspa
_eAACR2
041 _aspa
044 _aag
080 _a159.922.8 C641c
245 _aClínica psicopedagógica y alteridad
_b: encuentros en el tratamiento de ninños y adolesncentes
_c/ (coords.) Gerardo Prol ... [et al.] ; Luisa Wettengel ... [et al.]
250 _a1a. ed.
260 _aBuenos Aires
_b : Novedades Educativas
_c , 2009
300 _a222 p. :
_bil.
490 _a(Colección conjunciones)
650 _aPSICOLOGIA DEL ADOLESCENTE
650 _aADOLESCENCIA
650 _aPSICOTERAPIA
700 _aWettengel, Luisa
_4, autora
700 _aProl, Gerardo
_4, autor
700 _aRego, María Victoria
_4, autora
700 _aBo, Teresita
_4, autora
700 _aHamuy, Erica
_4,autora
700 _aMeza, Alejandrina
_4, autora
700 _aContrafatti, Liliana
_4, autora
700 _aCampo, María Erhart del
_4autora
700 _aKornblit, Cecilia
_4, autora
700 _aLucero, Andrea
_4, autora
700 _aSuaréz, Claudia
_4, autora
700 _aArana, Rosario
_4, autora
700 _aGrinberg, Sabina
_4, autora
700 _aProl, Gerardo
_4, coord.
700 _aWettengel, Luisa
_4, coord.
942 _cBK
_2udc